| 000 | 01559nam a2200421Ii 4500 | ||
|---|---|---|---|
| 001 | DIGOCTA0704 | ||
| 003 | NyNyDIG | ||
| 006 | m o d | ||
| 007 | cr ||||||||||| | ||
| 008 | 130601r20102006sp ob 000 0 spa d | ||
| 020 |
_a9788495345554 _q(eBook) |
||
| 020 | _z9788495345332 | ||
| 020 | _z8495345331 | ||
| 035 | _a(OCoLC)888273427 | ||
| 040 |
_aDGITA _beng _epn _cDGITA |
||
| 050 | 1 | 4 | _aP94.6 eBook |
| 100 | 1 | _aTrujillo Sáez, Fernando. | |
| 245 | 1 | 0 |
_aCultura, comunicación y lenguaje : _breflexiones para la enseñanza de la lengua en contextos multiculturales / _cFernando Trujillo Sáez. |
| 264 | 1 |
_aLas Gabias, Granada : _bEditorial Octaedro Andalucía (Ediciones Mágina), _c2010. |
|
| 300 | _a1 online resource (192 pages) | ||
| 336 |
_atext _btxt _2rdacontent |
||
| 337 |
_acomputer _bc _2rdamedia |
||
| 338 |
_aonline resource _bcr _2rdacarrier |
||
| 490 | 1 | _aEducación. | |
| 500 | _a"Primera edición digital: mayo de 2010. Primera edición en papel: noviembre de 2006. | ||
| 504 | _aIncludes bibliographical references (p. 179-192). | ||
| 650 | 0 | _aIntercultural communication. | |
| 650 | 0 | _aCommunication and culture. | |
| 650 | 0 | _aLanguage and culture. | |
| 650 | 0 | _aMulticultural education. | |
| 655 | 0 | _aElectronic books. | |
| 791 | 2 |
_aDigitalia (Firm), _edistributor. |
|
| 830 | 0 | _aEducación. | |
| 793 | 0 |
_gDigitalia eBook Collection: _aEditorial Octaedro. |
|
| 856 | 4 | 0 |
_3Digitalia Hispánica _uhttps://www.digitaliapublishing.com/a/12650/ |
| 910 | _aPremium Collection: 2007-2012 | ||
| 942 | _cRAA | ||
| 999 |
_c232570 _d232570 |
||